| 000 | 00888nam a22003017a 4500 | ||
|---|---|---|---|
| 001 | 4127904 | ||
| 003 | OSt | ||
| 005 | 20210421083256.0 | ||
| 008 | 711230s1971 paua b 001 0 eng | ||
| 010 | _a 76158653 | ||
| 020 | _a080369220X | ||
| 040 |
_aeng _cDLC _deng |
||
| 050 | 0 | 0 |
_aRC386.2 _b.D44 |
| 080 |
_a616.8 _bW-50 |
||
| 082 | 0 | 0 | _a616.89 |
| 245 | 0 | 0 |
_aDementia. _cCharles E. Wells, editor. _b/ by : F. A. Davis Company |
| 260 |
_aPhiladelphia, _bF. A. Davis Company _c1971 |
||
| 300 |
_aix, 239 p. _billus. _c27 cm. |
||
| 440 | 0 |
_aContemporary neurology series, _vno. 9 |
|
| 504 | _aIncludes bibliographies. | ||
| 650 | 0 | _aDementia. | |
| 650 | 0 |
_aNeurology _9100 |
|
| 653 | _aნევროლოგია | ||
| 653 | _aდემენცია | ||
| 700 | 1 |
_aWells, Charles E., _d1929- _eeditor |
|
| 906 |
_a7 _bcbc _corignew _d2 _encip _f19 _gy-gencatlg |
||
| 942 |
_2udc _cBK |
||
| 999 |
_c723 _d723 |
||